000 00988nam a22003377a 4500
001 BR0805276
003 BR-BrBNA
005 20230928102657.0
007 ta
008 230509b bl.||||| |||| 00| 0 por d
040 _aBR-BrBNA
_bpor
_cBiblioteca Nacional de Agricultura
041 _a(Por)
072 _aH20
_b4100
090 _ 4100 BR0805276
100 1 _aSanhueza, R.M.V.(ed.)
100 1 _aMelo, I.S. de(ed.)
110 1 _aEMBRAPA Uva e Vinho, Bento Gonçalves, RS (Brasil)
245 1 _aMétodos usados no biocontrole de fitopatógenos
260 3 _aBento Gonçalves, RS (Brasil):
_c2007.
300 _a143 p.
500 _aSeveral bibliography; 14 illus.
650 _aDOENÇA DE PLANTA
650 _aIDENTIFICAÇÃO
650 _aCONTROLE BIOLÓGICO
650 _aCONTROLE QUÍMICO
650 _aVARIEDADE RESISTENTE
650 _aCRIAÇÃO MASSAL
650 _aRESISTÊNCIA A PRODUTOS QUÍMICOS
909 _a202309
_bLucia
_c55
_dLucia Elande
942 _cBK
999 _c71991
_d71991